000
00292nam a22001337a 4500
008
170223b xxu||||| |||| 00| 0 eng d
020
_a
1556422202
041
_a
eng
080
_a
617
100
_a
5
101
_a
SHK
245
_a
SURGICAL TREATMENT STIGMATISM
_c
GILLS.J.P
942
_2
udc
_c
BK
999
_c
6133
_d
6133